|
|
|
|
| LEADER |
00000nam a2200000 i 4500 |
| 001 |
DIGOLEJNK1465 |
| 003 |
NyNyDIG |
| 007 |
cr ||||||||||| |
| 008 |
250410s2023 cl ob 000 0 spa d |
| 006 |
m o d |
| 035 |
|
|
|a (OCoLC)1427226896
|
| 040 |
|
|
|a DGITA
|b eng
|e rda
|e pn
|c DGITA
|
| 020 |
|
|
|z 9789564072951
|
| 041 |
1 |
|
|a spa
|h eng
|
| 050 |
1 |
4 |
|a JC481 ebook
|
| 100 |
1 |
|
|a Talmon, J. L.
|q (Jacob Leib),
|d 1916-1980,
|e author.
|
| 240 |
1 |
0 |
|a Origins of totalitarian democracy.
|l Spanish
|s (Cardenal Iracheta)
|
| 245 |
1 |
4 |
|a Los orígenes de la democracia totalitaria /
|c Jacob L. Talmon ; edición al cuidado de Carlos Antonio Agurto Gonzáles, Sonia Lidia Quequejana Mamani, Benigno Choque Cuenca ; traducción de Manuel Cardenal Iracheta.
|
| 264 |
|
1 |
|a Santiago de Chile :
|b Ediciones Olejnik,
|c [2023]
|
| 300 |
|
|
|a 1 online resource.
|
| 336 |
|
|
|a text
|b txt
|2 rdacontent
|
| 337 |
|
|
|a computer
|b c
|2 rdamedia
|
| 338 |
|
|
|a online resource
|b cr
|2 rdacarrier
|
| 347 |
|
|
|a text file
|2 rdaft
|
| 347 |
|
|
|b PDF
|
| 490 |
1 |
|
|a Biblioteca de filosofía del derecho
|
| 504 |
|
|
|a Includes bibliographical references.
|
| 588 |
0 |
|
|a Online resource; title from PDF title page (Digitalia, viewed April 10, 2025)
|
| 650 |
|
0 |
|a Totalitarianism.
|
| 650 |
|
0 |
|a Democracy.
|
| 700 |
1 |
|
|a Agurto Gonzáles, Carlos Antonio,
|e editor.
|
| 700 |
1 |
|
|a Quequejana Mamani, Sonia Lidia,
|e editor.
|
| 700 |
1 |
|
|a Choque Cuenca, Benigno,
|e editor.
|
| 700 |
1 |
|
|a Cardenal Iracheta, Manuel,
|e translator.
|
| 700 |
1 |
|
|i Translation of:
|a Talmon, J. L.
|q (Jacob Leib),
|d 1916-1980.
|t Origins of totalitarian democracy.
|
| 791 |
2 |
|
|a Digitalia (Firm),
|e distributor.
|
| 793 |
0 |
|
|g Digitalia eBook Collection:
|a Ediciones Olejnik
|
| 776 |
0 |
8 |
|i Print version:
|a Talmon, J. L. (Jacob Leib), 1916-1980.
|s Origins of totalitarian democracy. Spanish (Cardenal Iracheta).
|t Orígenes de la democracia totalitaria.
|b Primera edición en Ediciones Olejnik.
|d Santiago de Chile : Ediciones Olejnik, [2023]
|z 9789564072951
|
| 830 |
|
0 |
|a Biblioteca de filosofía del derecho.
|
| 856 |
4 |
0 |
|3 Digitalia Hispánica
|u https://www.digitaliapublishing.com/a/157984/
|
| 910 |
|
|
|a Premium collection: 2025
|